00627nam a2200205 a 450000100060000000300080000600500170001400800410003102000180007203500190009004000260010904100080013508200220014324500770016526000400024230000310028250400510031365000270036470000300039186173BD-RjUL20260216104537.0260216s2019 nyu||||| |||| 00| 0 eng d a9781682856116 a(BD-RjUL)86173 aBD-RjULbengcBD-RjUL aeng 223a351bPUB 2019 aPublic Administration and Governance cEdited by Esther Randall (Editor) a[New York] :bWillford Press,c2019 avi, 228 p.:bill.;c28 cm. aIncludes bibliographical references and index. aPublic administration. aRandall, Esther (Editor)